Cuvai nān̲ūr̲u. (Record no. 67640)

MARC details
000 -LEADER
fixed length control field 00539cam a22002291 4500
001 - CONTROL NUMBER
control field sa 66001215
003 - CONTROL NUMBER IDENTIFIER
control field DLC
005 - DATE AND TIME OF LATEST TRANSACTION
control field 20260227112220.0
008 - FIXED-LENGTH DATA ELEMENTS--GENERAL INFORMATION
fixed length control field 950222s1961 ii 000 0 tamo
010 ## - LIBRARY OF CONGRESS CONTROL NUMBER
LC control number sa 66001215
025 ## - OVERSEAS ACQUISITION NUMBER
Overseas acquisition number PL480:I-T-36
035 ## - SYSTEM CONTROL NUMBER
System control number (OCoLC)32036164
040 ## - CATALOGING SOURCE
Original cataloging agency DLC
Transcribing agency CU
Modifying agency CU
-- DLC
042 ## - AUTHENTICATION CODE
Authentication code premarc
050 00 - LIBRARY OF CONGRESS CALL NUMBER
Classification number PN6409.T3
Item number A7
100 1# - MAIN ENTRY--PERSONAL NAME
Personal name Aṇṇāmalai, Cin̲n̲a.
245 10 - TITLE STATEMENT
Title Cuvai nān̲ūr̲u.
260 ## - PUBLICATION, DISTRIBUTION, ETC.
Date of publication, distribution, etc. [1961]
300 ## - PHYSICAL DESCRIPTION
Extent 96 p.
Dimensions 18 cm.
500 ## - GENERAL NOTE
General note In Tamil.
650 #0 - SUBJECT ADDED ENTRY--TOPICAL TERM
Topical term or geographic name entry element Proverbs.

No items available.

Powered by Koha